| 000 | 01328nam a2200205Ia 4500 | ||
|---|---|---|---|
| 003 | Ost | ||
| 005 | 20260507075027.0 | ||
| 008 | 260507s9999||||xx |||||||||||||| ||und|| | ||
| 040 | _cfsecg | ||
| 041 | _aara | ||
| 082 | _a330 | ||
| 100 |
_aالبشير، سعد علي _eمؤلف |
||
| 245 | 0 |
_aحقوق الإنسان : _bدراسة مقارنة بين القانون الأردني والمواثيق الدولية / _c سعد علي البشير |
|
| 260 |
_aعمان: _bدار روائع مجدلاوى, _c2002 |
||
| 300 |
_a175 صفحة؛ _bإيضاحات ؛ _c25 سم |
||
| 520 | _aحقوق الإنسان في الشرعية الدولية- حقوق الإنسان على المستوى الإقليمي- حقوق الإنسان على الصعيد الوطني (حقوق الإنسان وحرياته في المملكة الأردنية الهاشمية)- القواعد النموذجية الدنيا لحقوق الإنسان في معاملة السجناء- الإجراءات العملية الفعلية التي اتخذها الأردن في مجال المبادئ سالفة الذكر الى حيز التنفيذ- رد الحكومة على تقرير وزارة الخارجية الأمريكية | ||
| 653 | _aالقانون الدولي | ||
| 653 | _aحقوق الإنسان | ||
| 942 | _cكتاب | ||
| 999 |
_c42344 _d42344 |
||